Pak belang mengganas

Bibliographic Details
Main Author: Amril Shah
Format: Book
Published: Selangor : Sama Publications & Distributors , 2004
Series:Siri novel masyarakat sepakat
Subjects:

MARC

LEADER 00000cam a2200000 7i4500
001 0000000870
005 20151222.0
008 070703
020 |a 9679389383(set) 
020 |a 9679389413 
090 0 0 |a JF   |b MAL 
100 0 |a Amril Shah 
245 1 0 |a Pak belang mengganas   |c Amril Shah 
260 |a Selangor :   |b Sama Publications & Distributors ,   |c 2004 
440 |a Siri novel masyarakat sepakat 
500 |a Children ages 10-12 years old (pink) 
650 0 |a Malay fiction 
999 |a 0000927414   |b Book   |c Children Collection   |e Cawangan Tangkak 
999 |a 0000927415   |b Book   |c Children Collection   |e Cawangan Tangkak 
999 |a 0000927416   |b Book   |c Children Collection   |e Cawangan Tangkak 
999 |a 0000950446   |b Book   |c Children Collection   |e Cawangan Bandar Penawar 
999 |a 0000960383   |b Book   |c Children Collection   |e Perbadanan Perpustakaan Awam Johor 
999 |a 0000960384   |b Book   |c Children Collection   |e Cawangan Sri Merlong 
999 |a 0000960385   |b Book   |c Children Collection   |e Cawangan Sri Merlong 
999 |a 0000960386   |b Book   |c Children Collection   |e Cawangan Sri Merlong 
999 |a 0000960387   |b Book   |c Children Collection   |e Cawangan Bandar Penawar